2021 Year End ATP Top 100 - Statistics

General Stats
  • This quiz has been taken 141 times
  • The average score is 59 of 100
Answer Stats
Rank Country Answer % Correct
3 Germany Alexander Zverev
100%
8 Norway Casper Ruud
100%
2 Russia Daniil Medvedev
100%
10 Italy Jannik Sinner
100%
1 Serbia Novak Djokovic
100%
4 Greece Stefanos Tsitsipas
100%
5 Russia Andrey Rublev
99%
9 Poland Hubert Hurkacz
99%
7 Italy Matteo Berrettini
99%
6 Spain Rafael Nadal
99%
15 Austria Dominic Thiem
96%
11 Canada Félix Auger-Aliassime
96%
16 Switzerland Roger Federer
94%
23 USA Taylor Fritz
93%
38 USA Frances Tiafoe
91%
14 Canada Denis Shapovalov
90%
36 Kazakhstan Alexander Bublik
89%
21 France Gaél Monfils
89%
12 Great Britain Cameron Norrie
87%
28 Bulgaria Grigor Dimitrov
87%
29 Russia Karen Khachanov
84%
30 Croatia Marin Čilić
84%
93 Australia Nick Kyrgios
84%
39 Belgium David Goffin
83%
82 Switzerland Stan Wawrinka
83%
34 Australia Alex de Minaur
81%
32 Spain Carlos Alcaraz
81%
13 Argentina Diego Schwartzman
80%
47 Japan Kei Nishikori
79%
20 Spain Pablo Carreño Busta
79%
43 USA Tommy Paul
77%
24 USA John Isner
76%
19 Spain Roberto Bautista Agut
76%
59 Italy Lorenzo Musetti
73%
73 Croatia Borna Ćorić
71%
33 Serbia Dušan Lajović
71%
37 Italy Fabio Fognini
71%
18 Russia Aslan Karatsev
70%
17 Chile Cristian Garín
70%
80 South Africa Kevin Anderson
70%
27 Italy Lorenzo Sonego
69%
65 Netherlands Tallon Griekspoor
69%
69 Serbia Miomir Kecmanović
67%
35 France Ugo Humbert
67%
51 Germany Jan-Lennard Struff
66%
22 Georgia Nikoloz Basilashvili
66%
25 Great Britain Daniel Evans
64%
90 Argentina Juan Manuel Cerúndolo
64%
81 Japan Yoshihito Nishioka
64%
99 Argentina Sebastián Báez
63%
50 Spain Alejandro Davidovich Fokina
60%
57 Netherlands Botic van de Zandschulp
59%
31 South Africa Lloyd Harris
59%
41 USA Sebastian Korda
59%
40 Hungary Márton Fucsovics
57%
52 Serbia Laslo Djere
56%
26 USA Reilly Opelka
54%
71 France Adrian Mannarino
50%
87 France Richard Gasquet
50%
75 Australia Jordan Thompson
49%
66 USA Marcos Giron
46%
70 Canada Milos Raonic
46%
84 Germany Daniel Altmaier
44%
79 Spain Roberto Carballés Baena
44%
63 Argentina Federico Coria
43%
89 Brazil Thiago Monteiro
43%
95 Finland Emil Ruusuvuori
41%
98 Uruguay Pablo Cuevas
41%
45 Spain Albert Ramos-Viñolas
40%
68 USA Brandon Nakashima
40%
92 France Corentin Moutet
40%
42 Serbia Filip Krajinović
40%
77 Spain Jaume Munar
40%
94 Sweden Mikael Ymer
40%
60 Spain Pedro Martínez
40%
61 Australia Alexei Popyrin
39%
53 South Korea Soonwoo Kwon
37%
46 France Benoît Paire
36%
67 France Hugo Gaston
36%
48 Belarus Ilya Ivashka
33%
58 France Arthur Rinderknech
29%
55 USA Mackenzie McDonald
29%
88 Slovakia Alex Molčan
27%
49 Australia James Duckworth
27%
83 Czech Republic Jiří Veselý
27%
72 Australia John Millman
27%
85 USA Steve Johnson
27%
64 France Benjamin Bonzi
26%
44 Argentina Federico Delbonis
26%
74 Argentina Guido Pella
23%
100 Italy Marco Cecchinato
23%
54 Germany Dominik Köpfer
20%
76 Argentina Facundo Bagnis
20%
56 USA Jenson Brooksby
20%
91 Spain Pablo Andújar
17%
78 Italy Stefano Travaglia
17%
96 USA Tennys Sandgren
14%
62 Italy Gianluca Mager
13%
97 Switzerland Henri Laaksonen
13%
86 Germany Peter Gojowczyk
7%
No matching quizzes found
Score Distribution
Percent of People with Each Score
Percentile by Number Answered
Your Score History
You have not taken this quiz